Music Quiz

Random Music or Lyrics Quiz

'Livin' on a Prayer' Lyrics Quiz Stats

 Plays Quiz Updated Feb 4, 2019

Support Sporcle.
Go Orange.
Score 0/193 Timer 07:00
1 Play Today
% Correct
[Chorus]
99.8%
Whoa
99.1%
Whoa
99.1%
Whoa
99.1%
Whoa
99.1%
Whoa
99.1%
Whoa
99.1%
Whoa
99.1%
on
98.6%
on
98.6%
on
98.6%
on
98.6%
on
98.6%
on
98.6%
on
98.6%
on,
98.6%
on
98.6%
on
98.6%
a
98.5%
a
98.5%
a
98.5%
a
98.5%
a
98.5%
a
98.5%
a
98.5%
a
98.5%
a
98.5%
livin'
96.9%
livin'
96.9%
Livin'
96.9%
livin'
96.9%
livin'
96.9%
prayer
96.7%
prayer
96.7%
prayer.
96.7%
prayer
96.7%
prayer (x3)
96.7%
I
95.3%
I
95.3%
we
95.1%
We
95.1%
the
94.4%
the
94.4%
the
94.4%
the
94.4%
It
92%
it
92%
it
92%
it
92%
it
92%
it
92%
to
88.1%
to
88.1%
to
88.1%
to
88.1%
to
88.1%
make
88%
make
88%
make
88%
make
88%
make
88%
there
87.6%
there
87.6%
We're
84.6%
we're
84.6%
% Correct
my
84.5%
my
84.5%
and
84%
and
84%
Take
83.8%
Take
83.8%
We'll
83.6%
we'll
83.6%
we'll
83.6%
swear
82.6%
swear
82.6%
hand
82.6%
hand
82.6%
halfway
80.3%
halfway
80.3%
work
78.7%
for
77.2%
For
77.2%
For
77.2%
for
77.2%
for
77.2%
got
77.1%
got
77.1%
got
77.1%
got
77.1%
got
77.1%
got.
77.1%
he
75.9%
Not
75.6%
not
75.6%
not,
75.6%
love,
75.5%
love
75.5%
love.
75.5%
what
73%
or
73%
or
73%
hold
72.4%
hold
72.4%
docks
72%
if
71.6%
that
71.6%
so
70.9%
So
70.9%
so
70.9%
used
70.3%
used
70.3%
She
68.5%
She
68.5%
she
68.5%
we've
68.3%
we've
68.3%
We've
68.3%
doesn't
68.3%
difference
67.7%
all
67.4%
all
67.4%
each
67.3%
other
67.2%
that's
67.1%
that's
67.1%
give
67.1%
shot
66.1%
his
65.8%
his
65.8%
% Correct
It's
65.3%
it's
65.3%
it's
65.3%
lot
64.9%
what
64.5%
down
62.7%
Tommy
62.4%
Tommy
62.4%
day
62.2%
luck.
60.8%
tough,
60%
tough
60%
tough
60%
tough
60%
her
59.7%
her
59.7%
He's
59%
he's
59%
You
58.7%
you
58.7%
strike
56.6%
Gina
56.6%
Gina
56.6%
in
56.5%
in
56.5%
in
56.5%
man
55%
works
54.5%
diner
54.4%
been
53%
says
52.7%
Union's
51.1%
Workin'
51%
home
49.6%
pay
48.4%
brings
48.1%
of
48%
six
44.5%
okay
44.3%
night
43.9%
ready
42.4%
string
41.9%
baby
41.5%
live
41.2%
away
40.6%
running
39.6%
When
39.2%
When
39.2%
dreams
38.3%
long
37.7%
time
37.5%
cries
36.7%
ago
36.3%
whispers
32.7%
fight
31.6%
Someday
31.2%
Once
30.8%
upon
30.5%
Tommy's
30.3%
talk
30.1%
Now
29.7%
hock
25.7%
holding
17.1%

You're not logged in!

Compare scores with friends on all Sporcle quizzes.
OR
Log In
Forgot?

From the Vault

Cartoon Characters Slideshow (A-Z)

by eyes355

In the mixed up world of cartoons, this alphabetical arrangement brings some order.
Remove Ads.
Support Sporcle.
Get the best of Sporcle when you Go Orange. This ad-free experience offers more features, more stats, and more fun while also helping to support Sporcle. Thank you for becoming a member.

Show Comments

Extras

Top Quizzes Today


Score Distribution

Your Account Isn't Verified!

In order to create a playlist on Sporcle, you need to verify the email address you used during registration. Go to your Sporcle Settings to finish the process.

Report this User

Report this user for behavior that violates our Community Guidelines.

Details: